000 00630nam a2200217Ia 4500
005 20260429111955.0
008 260429s9999||||xx |||||||||||||| ||und||
020 _a9783111437798
041 _aEnglish
082 _a515.35
_bBEN
100 _aBenchohra, Mouffak
245 0 _aIntegro-differential equations :analysis, stability and controllability /
_cMouffak Benchohra
260 _aGermany :
_bDe Gruyter,
_c2024.
300 _axi, 282 p.; hb
650 _a Differential equations
650 _a Mathematical analysis
650 _aMathematics
700 _a Salim, Abdelkrim
700 _a Zhou, Yong
942 _cTB
999 _c51698
_d51698